000
00312nam a22001217a 4500
020
_a
0-8359-3151-X
082
_a
004 CAS'I
100
_a
JACKSON, MARTIN,CASSEL, DON
_9
76271
245
_a
INTRODUCTION TO COMPUTERS AND INFORMATION PROCESSING
260
_a
VIRGINIA
_b
RESTON
_c
1980
300
_a
525P
942
_c
BK
999
_c
581664
_d
581664